Barron's SAT,Subject Test math level-2/ (Record no. 154440)

MARC details
000 -LEADER
fixed length control field 00778nam a22002177a 4500
005 - DATE AND TIME OF LATEST TRANSACTION
control field 20180720105939.0
010 ## - LCCN (DPL NO)
LC control number B-698579
020 ## - INTERNATIONAL STANDARD BOOK NUMBER
International Standard Book Number 9789386418548
Terms of availability 399.00
035 ## - SYSTEM CONTROL NUMBER
System control number B-698579
037 ## - SOURCE OF ACQUISITION
Source of stock number/acquisition R K Books
082 ## - DEWEY DECIMAL CLASSIFICATION NUMBER
Classification number 510.76
100 ## - MAIN ENTRY--PERSONAL NAME
Personal name Richard Ku,
245 ## - TITLE STATEMENT
Title Barron's SAT,Subject Test math level-2/
Statement of responsibility, etc Richard Ku, .
250 ## - EDITION STATEMENT
Edition statement 12Th Edition
260 ## - PUBLICATION, DISTRIBUTION, ETC. (IMPRINT)
Place of publication, distribution, etc New Delhi
Name of publisher, distributor, etc New Age International publishers
Date of publication, distribution, etc 2018
270 ## - ADDRESS
Address 7/30A, Daryaganj
City New Delhi
Postal code 110002
300 ## - PHYSICAL DESCRIPTION
Extent vi,353p.
Other physical details CD-Rom
Dimensions 28x21 c.m.(pbk)
500 ## - GENERAL NOTE
General note With CD- Rom
942 ## - ADDED ENTRY ELEMENTS (KOHA)
Source of classification or shelving scheme Dewey Decimal Classification
Item type English Books
Classification part 510.76
Call number suffix RIC
Holdings
Withdrawn status Lost status Materials specified (bound volume or other part) Not for loan Collection code Home library Current library Date acquired Source of acquisition Cost, normal purchase price Full call number Barcode Copy number Cost, replacement price Koha item type
    R P Books   Non-fiction Central Library Central Library 19/07/2018 R K Books-154/26.06.2018/IN-759/18-19/05.07.2018/12.07.2018 399.00 510.76 RIC B-698579 1 399.00 English Books

© Delhi Public Library
Hit Counter
free hit counter